Ansel's pharmaceutical dosage forms and drug delivery systems (Record no. 33623)
[ view plain ]
| 000 -LEADER | |
|---|---|
| fixed length control field | 00492nam a22001937a 4500 |
| 005 - DATE AND TIME OF LATEST TRANSACTION | |
| control field | 20230919094258.0 |
| 008 - FIXED-LENGTH DATA ELEMENTS--GENERAL INFORMATION | |
| fixed length control field | 230919b |||||||| |||| 00| 0 eng d |
| 020 ## - INTERNATIONAL STANDARD BOOK NUMBER | |
| ISBN | 9780781779340 |
| 082 ## - DEWEY DECIMAL CLASSIFICATION NUMBER | |
| Classification number | 615.1 |
| Item number | All-A |
| 100 ## - MAIN ENTRY--AUTHOR | |
| Author Name | Allen Loyd v. |
| 245 ## - TITLE STATEMENT | |
| Title | Ansel's pharmaceutical dosage forms and drug delivery systems |
| 250 ## - EDITION STATEMENT | |
| Edition statement | 9th |
| 260 ## - PUBLICATION, DISTRIBUTION, ETC. | |
| Place of Publication | China |
| Name of publisher, distributor, etc. | Wolters kluwer |
| Date of publication, distribution, etc. | 2011 |
| 300 ## - PHYSICAL DESCRIPTION | |
| Pages | 710 |
| 500 ## - GENERAL NOTE | |
| General note | Include index |
| 650 ## - SUBJECT ADDED ENTRY--TOPICAL TERM | |
| Subject / Department | Medical |
| 700 ## - ADDED ENTRY--PERSONAL NAME | |
| Personal name | Loyd V.Allen |
| 952 ## - LOCATION AND ITEM INFORMATION (KOHA) | |
| -- | 0 |
| -- | 0 |
| Lost status | Damaged status | Permanent Location | Current Location | Shelving Location | Date acquired | Full Call Number | Accession No./Barcode | Date last seen | item type |
|---|---|---|---|---|---|---|---|---|---|
| Superior Information Resource Center (SIRC) Superior University- Main Campus | Superior Information Resource Center (SIRC) Superior University- Main Campus | Medical | 09/19/2023 | 615.1 ALL-A 2011 | 20514 | 02/06/2025 | BOOK |
